Dios ha pasado sobre los bosques / (Record no. 138098)

MARC details
000 -LEADER
campo de control de longitud fija 00462nam a2200157 4500
001 - NÚMERO DE CONTROL
campo de control 138098
003 - IDENTIFICADOR DE NÚMERO DE CONTROL
campo de control ES-MaACL
005 - FECHA Y HORA DE LA ÚLTIMA TRANSACCIÓN
campo de control 20230906195514.0
007 - CAMPO FIJO DE DESCRIPCIÓN FÍSICA--INFORMACIÓN GENERAL
campo de control de longitud fija t|
008 - DATOS DE LONGITUD FIJA--INFORMACIÓN GENERAL
campo de control de longitud fija 070214s1963 sp r ||||1| spa d
100 1# - ENTRADA PRINCIPAL--NOMBRE DE PERSONA
Nombre de persona Sánchez Paredes, Pedro.
9 (RLIN) 102831
245 10 - MENCIÓN DEL TÍTULO
Título Dios ha pasado sobre los bosques /
Mención de responsabilidad, etc. Pedro Sánchez Paredes.
260 ## - PUBLICACIÓN, DISTRIBUCIÓN, ETC.
Lugar de publicación, distribución, etc. Madrid :
Nombre del editor, distribuidor, etc. [s. n.],
Fecha de publicación, distribución, etc. 1963 (
Fabricante Gráf. Martínez)
300 ## - DESCRIPCIÓN FÍSICA
Extensión 250 p. ;
Dimensiones 22 cm.
852 ## - LOCALIZACIÓN
Ubicación ES-MaACL
Número de control de estantería C-24101
Sublocalización o colección R.52868
Holdings
Estatus retirado Estado de pérdida Estado de daño No para préstamo Biblioteca de origen Biblioteca actual Ubicación en estantería Fecha de adquisición Fuente de adquisición Total de préstamos Signatura topográfica completa Código de barras Visto por última vez Precio de reemplazo Tipo de ítem Koha
        Biblioteca del Ateneo de Madrid Biblioteca del Ateneo de Madrid Depósito 2 17/01/2008     C-24101 1143702 23/02/2023 23/02/2023 Libro impreso